| 000 | 00911cam a22002773a 4500 | ||
|---|---|---|---|
| 001 | 2684 | ||
| 003 | PGUSA | ||
| 005 | 20140828083020.0 | ||
| 008 | 060614s2006||||xxu|||||s|||||000 1 eng d | ||
| 040 |
_aPGUSA _beng |
||
| 042 | _adc | ||
| 050 | 4 | _aPR | |
| 100 | 1 |
_aGalsworthy, John, _d1867-1933 |
|
| 245 | 1 | 0 |
_aFive Tales _h[electronic resource] / _cJohn Galsworthy |
| 260 |
_bProject Gutenberg, _c2006 |
||
| 505 | 0 | _aThe first and the last -- A stoic -- The apple tree -- The juryman -- Indian Summer of a Forsyte. | |
| 506 | _aPublic domain in the USA. | ||
| 516 | _aElectronic text | ||
| 653 | _aDomestic fiction, English | ||
| 653 | _aForsyte family (Fictitious characters) -- Fiction | ||
| 653 | _aFamilies -- England -- Fiction | ||
| 653 | _aEngland -- Social life and customs -- Fiction | ||
| 830 | 0 |
_aProject Gutenberg _v2684 |
|
| 856 | 4 | 0 | _uhttp://www.gutenberg.org/ebooks/2684 |
| 942 | _cEB | ||
| 999 |
_c232017 _d232017 |
||